000 00496nam a2200181Ia 4500
008 240925s9999 xx 000 0 und d
020 _a9780170134200
082 _a658.3 NAN
100 _aNankervis, Alan ; Compton, Robert
245 0 _aHuman Resource Management: strategies and processes
250 _a6th
260 _aAustralia:
_bCENGAGE Learning
_c,1992.
300 _a782p.
_bN.A
_fOriginal
500 _aIncludes Index
600 _aManagement
650 _aManagement
942 _cBK
999 _c14607
_d14607